All US Survivor Firemaking Challenges - Statistics

General Stats
  • This quiz has been taken 21 times
    13 since last reset
  • The average score is 61 of 63
Answer Stats
Winner % Correct
10
100%
10
100%
12
100%
13
100%
17
100%
30
100%
32
100%
35
100%
36
100%
37
100%
38
100%
39
100%
40
100%
41
100%
42
100%
43
100%
44
100%
45
100%
46
100%
47
100%
48
100%
Aubry Bracco
100%
Ben Drierbegen
100%
Bobby Jon Drinkard
100%
Bob Crowley
100%
Carolyn Rivera
100%
Carson Garrett
100%
Chris Underwood
100%
Cirie Fields
100%
Deshawn Radden
100%
Devon Pinto
100%
Eva Erickson
100%
Heather Aldrich
100%
Heidi Lagares-Greenblatt
100%
Ian Rosenberger
100%
Jake O'Kane
100%
Jesse Lopez
100%
Jonathan Young
100%
Kenzie Petty
100%
Lauren Beck
100%
Liz Wilcox
100%
Matty Whitmore
100%
Mike Gabler
100%
Mike Turner
100%
Mike White
100%
Rick Devens
100%
Sam Phalen
100%
Sarah Lacina
100%
Stephenie LaGrossa
100%
Sundra Oakley
100%
Teeny Chirichillo
100%
Tony Vlachos
100%
Wendell Holland
100%
Angela Perkins
88%
Becky Lee
88%
Cydney Gillon
88%
Danielle DiLorenzo
88%
Dean Kowalski
88%
Jenn Lyon
88%
Kara Kay
88%
Katurah Topps
88%
Rodney Lavoie Jr.
88%
Kamilla Karthigesu
13%
No matching quizzes found
Score Distribution
Percent of People with Each Score
Percentile by Number Answered
Your Score History
You have not taken this quiz since the last reset